000 00408nam a2200157 i 4500
001 87465
003 ES-MaACL
005 20230906175658.0
007 t|
008 041222s1930 zzz ||||1| eng d
100 1 _aKretschmer, Herman L.
_968818
245 1 0 _aIntravenous urography /
_cHerman L. Kretschmer.
260 _a[S.l. :
_bs.n.,
_c1930]
300 _a3 h. ;
_c27 cm.
852 _aES-MaACL
_j1754-F-15
999 _c87465
_d87465